000 00661nam a2200193 a 4500
005 20210223120749.0
008 991125s1929 ea 000 0 eng u
035 _aUPN01000006730
049 _aCE
050 4 _aM1005
_bB4.2
100 1 _aBeethoven, Ludwig van,
_d1770-1827
245 1 0 _aConcerto no.V for the piano /
_cLudwig van Beethoven ; introd. y notas Theodore Baker.
260 _aNew York :
_bG. Schirmer,
_c1929.
300 _a1 partitura (70 p.)
440 0 _aSchirmer's library of musical classics ;
_v625
500 _aTítulo de la cubierta: Beethoven concerto no.V, Op.73, in E-flatmajor
650 4 _aMUSICA PARA PIANO
_918570
905 _aLibro
999 _c6730
_d6730